Statistics for Top Czech PL appearances

Click here to take the quiz!

General Stats

  • This quiz has been taken 20 times
  • The average score is 5 of 10

Answer Stats

AppsAnswer% Correct
401Cech
100%
170Rosicky
94%
229Berger
63%
122Baros
56%
121Smicer
56%
146Srnicek
31%
82Repka
31%
169Miklosko
25%
53Kovac
13%
41Stejskal
0%

Score Distribution

Percentile by Number Answered

Percent of People with Each Score

Your Score History

You have not taken this quiz